000 00688nam a2200169Ia 4500
008 090124s9999 xx 000 0 und d
020 _a81-88909-10-6
082 _b44420
245 _aDICTIONARY OF ANTHROPOLOGY मानव वंश शास्त्र शब्दकोश
250 _a0
260 _bइंटेलेउायुअल बुक ब्युरो
300 _a251
630 _aDICTIONARY OF ANTHROPOLOGY मानव वंश शास्त्र शब्दकोश
700 _aसाळी चेतन शंकर
730 _aDICTIONARY OF ANTHROPOLOGY मानव वंश शास्त्र शब्दकोश
942 _cBOOK
999 _c110633
_d110633